[Event "ROM-ch U12"]
[Site "Calimanesti"]
[Date "2018.03.29"]
[Round "3"]
[White "Tablan, Andrei Damian"]
[Black "Ciulic, Raducu Marian"]
[Result "1/2-1/2"]
[WhiteElo "1494"]
[BlackElo "1512"]
[PlyCount "90"]
[EventDate "2018.03.27"]
[EventType "swiss"]
[EventRounds "9"]
[EventCountry "ROU"]
[SourceTitle "CBM 183 Extra"]
[Source "ChessBase"]
[SourceDate "2018.04.19"]
[SourceVersion "1"]
[SourceVersionDate "2018.04.19"]
[SourceQuality "1"]

1. e4 c5 2. Nf3 e6 3. d4 cxd4 4. Nxd4 a6 5. Nc3 Qc7 6. Be3 Be7 7. Bd3 Nf6 8. 0-0 d6 9. f4 Nbd7 10. f5 Nc5 11. Rc1 b5 12. b4 Nxd3 13. cxd3 Qb7 14. a3 Bd7 15. Qe1 e5 16. Nb3 Bd8 17. Qg3 Bb6 18. Kh1 Bxe3 19. Qxe3 0-0 20. Na5 Qa7 21. Qg5 h6 22. Qd2 Rfc8 23. Rc2 Rc7 24. Rfc1 Rac8 25. h3 Qd4 26. Nb3 Qb6 27. Qe2 g6 28. g4 g5 29. Nd2 Bc6 30. Nf3 Kg7 31. Qd2 Nd7 32. Kg2 f6 33. d4 Ba8 34. dxe5 Nxe5 35. Nd5 Rxc2 36. Rxc2 Rxc2 37. Qxc2 Bxd5 38. exd5 Nc4 39. Qe4 Qe3 40. Qxe3 Nxe3+ 41. Kf2 Nxd5 42. Nd4 Kf7 43. Ne6 Nb6 44. Nc7 Nc4 45. Nxa6 Nxa3 1/2-1/2

[Event "ROM-ch U12"]
[Site "Calimanesti"]
[Date "2018.03.28"]
[Round "2"]
[White "Ciulic, Raducu Marian"]
[Black "Craciun, Cristian Gabriel111"]
[Result "1/2-1/2"]
[WhiteElo "1512"]
[BlackElo "1373"]
[PlyCount "87"]
[EventDate "2018.03.27"]
[EventType "swiss"]
[EventRounds "9"]
[EventCountry "ROU"]
[SourceTitle "CBM 183 Extra"]
[Source "ChessBase"]
[SourceDate "2018.04.19"]
[SourceVersion "1"]
[SourceVersionDate "2018.04.19"]
[SourceQuality "1"]

1. e4 c5 2. Nf3 Nc6 3. d4 cxd4 4. Nxd4 Nf6 5. f3 e5 6. Nb3 d5 7. exd5 Nxd5 8. Bc4 Nb6 9. Qxd8+ Nxd8 10. Bb5+ Bd7 11. Bxd7+ Nxd7 12. Be3 Ne6 13. Nc3 Bb4 14. Bd2 Nb6 15. a3 Bxc3 16. Bxc3 f6 17. g3 0-0-0 18. Kf2 Nd5 19. Bd2 Nb6 20. Ba5 Rd6 21. Bxb6 Rxb6 22. Rhd1 Rd8 23. Rxd8+ Kxd8 24. Rd1+ Kc7 25. Ke3 Rc6 26. Rd2 b6 27. h4 g6 28. Nc1 Nd4 29. c3 Nf5+ 30. Kf2 Rd6 31. Rxd6 Nxd6 32. Ke2 Nf5 33. Kf2 Nd6 34. Na2 a5 35. b3 Kc6 36. a4 b5 37. axb5+ Kxb5 38. g4 a4 39. bxa4+ Kxa4 40. Nb4 Kb3 41. Nd5 f5 42. Ke3 Kc4 43. Nf6 h6 44. Nd7 1/2-1/2

[Event "EU-ch U12 27th"]
[Site "Mamaia"]
[Date "2017.09.13"]
[Round "8"]
[White "Martinez Soriano, Javier"]
[Black "Ciulic, Raducu Marian"]
[Result "0-1"]
[WhiteElo "1594"]
[BlackElo "1491"]
[PlyCount "82"]
[EventDate "2017.09.05"]
[EventType "swiss"]
[EventRounds "9"]
[EventCountry "ROU"]
[SourceTitle "CBM 180 Extra"]
[Source "ChessBase"]
[SourceDate "2017.10.06"]
[SourceVersion "1"]
[SourceVersionDate "2017.10.06"]
[SourceQuality "1"]

1. e4 c5 2. Nf3 d6 3. c4 a6 4. Nc3 Nf6 5. d4 cxd4 6. Nxd4 e5 7. Nf3 Be7 8. Be2 Be6 9. 0-0 Nbd7 10. Be3 0-0 11. h3 Qc7 12. Rc1 Rac8 13. Qd2 Nc5 14. Ng5 h6 15. Nxe6 fxe6 16. f3 Rcd8 17. Rfd1 Nh5 18. Qe1 Nf4 19. Qf2 Bg5 20. b4 Nd7 21. Bf1 Be7 22. Rd2 Rf6 23. Rcd1 Rg6 24. Kh1 Nh5 25. g4 Nf4 26. b5 h5 27. Bxf4 exf4 28. Bd3 hxg4 29. fxg4 Rh6 30. Kg2 Rf8 31. Rh1 f3+ 32. Kg1 d5 33. Kf1 Bh4 34. Qh2 Bg3 35. Qg1 Qe5 36. Nd1 dxe4 37. Bxe4 Qxe4 38. Qxg3 f2 39. Nxf2 Qxh1+ 40. Ke2 Rxf2+ 41. Qxf2 Rxh3 0-1

[Event "EU-ch U12 27th"]
[Site "Mamaia"]
[Date "2017.09.09"]
[Round "5"]
[White "Heldenbergh, Nils"]
[Black "Ciulic, Raducu Marian"]
[Result "1/2-1/2"]
[WhiteElo "1592"]
[BlackElo "1491"]
[PlyCount "34"]
[EventDate "2017.09.05"]
[EventType "swiss"]
[EventRounds "9"]
[EventCountry "ROU"]
[SourceTitle "CBM 180 Extra"]
[Source "ChessBase"]
[SourceDate "2017.10.06"]
[SourceVersion "1"]
[SourceVersionDate "2017.10.06"]
[SourceQuality "1"]

1. e4 c5 2. Nc3 d6 3. f4 a6 4. Nf3 b5 5. d3 Bb7 6. g3 Nf6 7. Bg2 e6 8. 0-0 Be7 9. Bd2 Nbd7 10. Qe2 0-0 11. h3 d5 12. Nh2 d4 13. Nd1 Rb8 14. g4 Qb6 15. g5 Ne8 16. Qg4 f5 17. Qg3 c4 1/2-1/2